La maravillosa historia de Peter Schlemihl / (Registro nro. 59049)
[ vista simple ]
| 000 -CABECERA | |
|---|---|
| Longitud fija campo de control | 01301nam a2200373 a 4500 |
| 003 - • IDENTIFICADOR DELl NÚMERO DE CONTROL | |
| Identificador del número de control | CO-BoRNBP |
| 005 - • FECHA Y HORA DE LA ÚLTIMA TRANSACCIÓN | |
| Fecha y hora de la última transacción | 20250903195310.0 |
| 007 - • CAMPO FIJO DE DESCRIPCIÓN FÍSICA | |
| Campo fijo de descripción física | ta |
| 008 - • CÓDIGOS DE INFORMACIÓN DE LONGITUD FIJA | |
| Códigos de información de longitud fija | 100901s2009 sp a jr 0001jdspa d |
| 020 ## - • NÚMERO INTERNACIONAL NORMALIZADO PARA LIBROS | |
| Número Internacional Normalizado para Libros (ISBN) | 9788493669591 |
| 040 ## - FUENTE DE LA CATALOGACIÓN | |
| Centro catalogador de origen | CO-BoBLA |
| Lengua de catalogación | spa |
| Centro transcriptor | CO-BoBLA |
| 041 1# - • CÓDIGO DE LENGUA | |
| Código de lengua del texto/banda sonora o título independiente | spa |
| Código de lengua original | ger |
| 043 ## - CÓDIGO DE ÁREA GEOGRÁFICA | |
| Código de área geográfica | e-gx--- |
| 082 04 - • NÚMERO DE LA CLASIFICACIÓN DECIMAL DEWEY | |
| Número de clasificación (R) | 833.91 |
| Número del ítem | C41m |
| Número de edición | 21 |
| 100 1# - • PUNTO DE ACCESO PRINCIPAL-NOMBRE DE PERSONA | |
| Nombre de persona | Chamisso, Adelbert Von, |
| Fechas asociadas al nombre | 1781-1838. |
| 245 13 - • TITULO PROPIAMENTE DICHO | |
| Título | La maravillosa historia de Peter Schlemihl / |
| Mención de responsabilidad, etc. | Adelbert von Chamisso ; traducción Ulrike Michael-Valdés y Hernán Valdés ; ilustraciones de Agustín Comotto. |
| 250 ## - • MENCIÓN DE EDICIÓN | |
| Mención de edición | 1a. edición |
| 300 ## - • DESCRIPCIÓN FÍSICA | |
| Extensión | 171 p. : |
| Otras características físicas | il. ; |
| Dimensiones | 19 cm. |
| 336 ## - TIPO DE CONTENIDO | |
| Fuente | rdacontent |
| Término de tipo de contenido | texto |
| Código de tipo de contenido | txt |
| 337 ## - TIPO DE MEDIO | |
| Fuente | rdamedia |
| Nombre del tipo de medio | sin mediación |
| Código del tipo de medio | n |
| 338 ## - TIPO DE SOPORTE | |
| Fuente | rdacarrier |
| Nombre del tipo de soporte | volumen |
| Código del tipo de soporte | nc |
| 490 1# - • MENCIÓN DE SERIE | |
| Mención de serie | Miniilustrados ; |
| Designación de volumen o secuencia | 4 |
| 521 ## - • NOTA DE PÚBLICO DESTINATARIO | |
| Nota público destinatario (R ) | Recomendado para niños a partir de los 12 años. |
| 534 ## - • Nota De Versión Original | |
| Título | Peter Schlemihl wundersame geschichte. |
| 650 #7 - • PUNTO DE ACCESO ADICIONAL DE MATERIA - TÉRMINO DE MATERIA | |
| Término de materia o nombre geográfico como elemento inicial | Cuentos infantiles alemanes. |
| Fuente del encabezamiento o término | BLAAUTO |
| 650 #7 - • PUNTO DE ACCESO ADICIONAL DE MATERIA - TÉRMINO DE MATERIA | |
| Término de materia o nombre geográfico como elemento inicial | Novela de aventuras. |
| Fuente del encabezamiento o término | BLAAUTO |
| 650 #7 - • PUNTO DE ACCESO ADICIONAL DE MATERIA - TÉRMINO DE MATERIA | |
| Término de materia o nombre geográfico como elemento inicial | Literatura infantil alemana. |
| Fuente del encabezamiento o término | BLAAUTO |
| 700 1# - • PUNTO DE ACCESO ADICIONAL - NOMBRE DE PERSONA | |
| Nombre de persona | Michael-Valdés, Ulrike, |
| Término indicativo de función | tr. |
| 700 1# - • PUNTO DE ACCESO ADICIONAL - NOMBRE DE PERSONA | |
| Nombre de persona | Valdés, Hernán, |
| Fechas asociadas al nombre | 1934- |
| Término indicativo de función | tr. |
| 700 1# - • PUNTO DE ACCESO ADICIONAL - NOMBRE DE PERSONA | |
| Nombre de persona | Comotto, Agustín, |
| Fechas asociadas al nombre | 1968- |
| Término indicativo de función | il. |
| 942 ## - ENTRADA DE ELEMENTOS AGREGADOS (KOHA) | |
| Fuente de clasificaión o esquema | Dewey Decimal Classification |
| Koha [por defecto] tipo de item | LIbro |
| 949 ## - TRATAMIENTO DE LA INFORMACIÓN LOCAL (OCLC) | |
| a | n |
| b | n |
No hay ítems disponibles.